000 00673nam a2200241Ia 4500
003 OSt
005 20220925174159.0
006 a|||||r|||| 00| 0
007 ta
008 220923b |||||||| |||| 00| 0 eng d
037 _cGeneral Book
040 _aRTL
_cRTL
_beng
041 _2eng
_aeng
082 _aX5.2.N37r, G8
110 _aINDIAN CHAMBER OF COMMERCE, CALCUTTA
_9246177
245 0 _aAnnual report,1937.
260 _aCalcutta
_bICCC
_c1938
300 _alxvi,602p.
_ccm.
500 _aAppendix:1-45p.
700 _aINDIAN CHAMBER OF COMMERCE, CALCUTTA
_9246178
942 _hX5.2.N37r, G8
_cGB
_2CC
999 _c490248
_d490248